000 01000cab a2200265 4500
001 E2196
008 090401t1994 xxu||||| |||| 00| 0 eng d
035 _a(Sirsi) u38041
041 _aeng
245 _aFane v Murray
260 _c1994
350 _a0
490 _aSLC
_v1994 R 1-17(17)
520 _aFirst Division. The President, Lord Osborne and Brand. 16 November 1994. Agricultural holding - notice to remedy - works of repair - notice to quit - counter-notice - notice requiring matters to be determined by arbitration - section 22 of the Agricultural Holdings (Scotland) Act 1991 - requisition for a stated case by the landlords.
650 _aAGRICULTURAL HOLDINGS (SCOTLAND) ACT 1991
650 _aAGRICULTURAL HOLDINGS
650 _aCOUNTER NOTICE
650 _aNOTICE TO QUIT
650 _aNOTICE TO REMEDY
650 _aSCOTLAND
650 _aSCOTTISH LAND COURT
690 _aLANDLORD AND TENANT-CASE LAW-AGRICULTURAL TENANCIES
942 _n0
948 _c04/03/1997
999 _c24448
_d24448